000 01795nam a22004577a 4500
001 000095398
003 CHAP
005 20220329143108.0
008 060315d2005 mx r 00110 spa d
010 _a91864
011 _a92836
035 _a103402
040 _cCHAP
090 _aTesis
100 1 _aSegura Gámez, José Gilberto.
_9103650
245 1 0 _aPolíticas públicas en materia de infraestructura básica para los pueblos indígenas :
_bestado de Hidalgo /
_c/por José Gilberto Segura Gámez.
260 _aChapingo, Méx. :
_bEl autor,
_c2005.
300 _a245 h. ; :
_bcuadros ; mapas.
502 _aTesis (M.C. en Sociología Rural) -- UACH. Departamento de Sociología Rural
590 _aALEPH
_b10
_c20130110
_lUCH01
_h1510
590 _aBATCH-UPD
_b10
_c20130110
_lUCH01
_h0511
590 _aBATCH-UPD
_b10
_c20130410
_lUCH01
_h0149
590 _aBATCH-UPD
_b10
_c20130914
_lUCH01
_h1147
590 _aBATCH-UPD
_b10
_c20140324
_lUCH01
_h1455
590 _aBATCH-UPD
_b10
_c20141002
_lUCH01
_h0829
590 _aCONVERSION
_b10
_c20130109
_lUCH01
_h1351
590 _aE12093SGE
_b10
_c20130531
_lUCH01
_h1404
650 0 4 _aIndios de Hidalgo.
_957615
650 1 4 _aDesarrollo de la comunidad rural
_zHidalgo.
_932038
650 1 4 _aIndios de México
_xCondiciones económicas.
_957625
650 1 4 _aIndios de México
_xCondiciones sociales.
_957626
650 1 4 _aPolítica económica
_xHidalgo.
_990510
650 1 4 _aPolítica social
_zHidalgo.
_990707
856 _3Finding aid
_uhttp://10.13.5.2/tesis/103402.pdf
_zTeclea aquí
901 _aBK
905 _aAlejandra Carrasco M.
942 _cCD
942 _n0
949 _aTesis
_bBC
_cTES
_d00000001034021
_eTS1
_gDonaciØn
_h44562
_i103402
_sb
949 _aTesis
_bBC
_cTES
_d33724000999843
_eTS2
_fc.2
_gDonaciØn
_h44563
_i103402
_si
999 _c91864
_d91864